Statistiques concernant Espagnol Test

Cliquez ici pour prendre le quiz!

Statistiques générales

  • Ce quiz a été pris 26 fois
  • Le résultat moyen est 8 sur 39

Statistiques - réponses

Mots FRMots ES% Correct
EtéVerano
77%
PlaisirPlacer
73%
VueVista
64%
LoinLejos
55%
MensongeMentira
55%
DésirDeseo
50%
ConfianceConfianza
45%
OuvrierObrero
41%
AcierAcero
32%
Cheville
Tobillo
32%
LourdPesado
32%
Bruit (son)Sonido
32%
TerrainTerreno
32%
AmandeAlmendra
27%
FrigoFrigorifico
27%
DescenteBajada
23%
CôteCostilla
18%
AmendeMulta
18%
PaillePaja
18%
VanilleVainilla
18%
PlombierFontanero
9%
MorceauPedazo
9%
PimentPimiento picante
9%
Porte-manteauCapotera
5%
CasseroleCazo
5%
ParkingEstacionamiento
5%
HaricotsFrijoles
5%
RasoirNavaja de afeitar
5%
PerceuseTaladro
5%
BandageVendaje
5%
Boucle d'oreilleZarcillo
5%
MyrtilleArandano
0%
Panne (technique)Averia
0%
BuissonMatorral
0%
LevierPalanca
0%
RocherPenasco
0%
VoletPostigo
0%
RetardTardanza
0%
TorchonTrapo
0%

Distribution des résultats

Percentile par nombre de réponses

% des personnes avec chaque résultat

Votre développement - résultats

Vous n’avez pas pris ce quiz